Cars by logo - Statistics

General Stats
  • This quiz has been taken 24,550 times
  • The average score is 13 of 15
Answer Stats
Picture Answer % Correct
Honda
97%
Mercedes
97%
Audi
96%
Ferrari
96%
Volkswagen
95%
Hyundai
92%
Porsche
91%
Chevrolet
89%
Mazda
86%
Bentley
85%
Mitsubishi
83%
Peugeot
79%
Ford
74%
Skoda
73%
Jaguar
65%
No matching quizzes found
Score Distribution
Percent of People with Each Score
Percentile by Number Answered
Your Score History
You have not taken this quiz